| 000 | 00440nam a22001817a 4500 | ||
|---|---|---|---|
| 003 | CEME | ||
| 005 | 20210628204021.0 | ||
| 008 | 210114b xxu||||| |||| 00| 0 eng d | ||
| 020 | _a9693518853 | ||
| 040 | _cceme | ||
| 082 | _a370 ASH | ||
| 100 |
_aAshfaq Ahmed _9651 |
||
| 245 | _aZaviya 3 | ||
| 260 |
_aLAHORE _bSANG-E-MEEL PUB _c2011 |
||
| 300 | _a320P | ||
| 650 |
_aISLAM-SPIRITUALISM.URDU ADAB-ZAVIYA-3. _968268 |
||
| 942 |
_cBK _2ddc |
||
| 999 |
_c575878 _d575878 |
||